|
|
|
|
| LEADER |
00000nas a2200000 a 4500 |
| 001 |
vtls012267796 |
| 003 |
SK-MaSNL |
| 005 |
20260228162037.0 |
| 008 |
241203c18uu19uufr wr n 0 0fre |
| 015 |
|
|
|a SNBHFB
|
| 040 |
|
|
|a SNKHF
|b slo
|c SNKHF
|e rda
|
| 041 |
0 |
|
|a fre
|
| 044 |
|
|
|a fr
|c FR
|
| 072 |
|
7 |
|a 316
|x Sociológia
|2 konspekt
|
| 080 |
|
|
|a 316.728
|2 2011
|
| 080 |
|
|
|a (051)-048.55
|2 2011
|
| 245 |
0 |
0 |
|a St Nicolas
|b Journal Illustré Pour Carcons Et Ejlles
|
| 264 |
|
3 |
|a Paris
|b Imp. Delagrave
|c [medzi 1880-1914?]
|
| 300 |
|
|
|c 27 cm
|
| 310 |
|
|
|a 1x týždenne
|
| 336 |
|
|
|a text
|b txt
|2 rdacontent
|
| 337 |
|
|
|a bez média
|b n
|2 rdamedia
|
| 338 |
|
|
|a zväzok
|b nc
|2 rdacarrier
|
| 500 |
|
|
|a Vychádzal každý štvrtok
|
| 500 |
|
|
|a č. 36/1914 neúplné, defektný exemplár
|
| 588 |
|
|
|a Popis podľa: Tome 35, No. 33 (1914)
|
| 650 |
0 |
7 |
|a spoločenský život
|2 SNKPH
|9 28654
|
| 655 |
|
7 |
|a špecializované časopisy
|2 SNKPH
|9 70509
|
| 710 |
2 |
|
|a Delagrave (Paríž, Francúzsko)
|4 prt
|9 270246
|
| 752 |
|
|
|a Francúzsko
|d Paríž
|
| 852 |
|
|
|a snk
|b Zaiova knižnica: Zay 17986
|p ČB 5846/1914
|
| 958 |
|
|
|a DG
|
| 999 |
|
|
|c 6621
|d 8551
|
| 952 |
|
|
|0 0
|1 0
|4 0
|7 0
|8 5
|a SNK
|b SNK
|c SNK_HF
|d 2024-12-03
|i snk2024/17959
|l 0
|o snkČB 5846/1914
|p 17A1488207
|r 2026-02-21 22:35:22
|t Zay 17986
|w 2026-02-21
|y PREZ
|